| 000 | 00645nam a22001697a 4500 | ||
|---|---|---|---|
| 005 | 20260219142158.0 | ||
| 008 | 260219b |||||||| |||| 00| 0 eng d | ||
| 020 | _a9789387337046 | ||
| 040 | _cVITAP | ||
| 082 |
_223 _a070.44 THG |
||
| 100 |
_aTHG Publishing Pvt Ltd. _917160 |
||
| 245 |
_aThe First 100 _b: A Selection of Editorials, 1878-1978 _c/ THG Publishing Pvt Ltd. |
||
| 260 |
_aChennai _bTHG Publishing Pvt Ltd. _c2023 |
||
| 300 | _a343p,21cm | ||
| 650 | 0 |
_aColonial India (1878–1947), Freedom Struggle, Partition & Independence (1947), Post-Independence India, Foreign Policy & International Relations etc. _917161 |
|
| 942 |
_2ddc _cREF |
||
| 999 |
_c47309 _d47309 |
||